00577cam a2200193 a 4500001000800000005001700008008004100025010001700066020003200083020003900115040001800154041000800172080001600180082002000196100000700216101000800223245010100231504005100332489007120171218083537.0931105s1994 nyu b 001 0 eng  a 93043572  a0898623049 (acidfree paper) a0898623030 (pbk. : acidfree paper) aDLCcDLCdDLC aeng a305.231 CUM00a305.231 CUM2201 a50 aSOC10aChildren and marital conflict :cE. Mark Cummings, Patrick Davies ; foreword by Robert E. Emery. aIncludes bibliographical references and index.